000 01060nam#a22003375a#4500
001 84
008 051025s20012001ag#abeod######001#0#spa#d
245 1 0 _aEspacios y sociedades del mundo :
_bpolítica, economía y ambiente /
_cSusana Sassone y Celia V. Bertone de Daguerre.
250 _a1ª ed.
260 _aBuenos Aires :
_bKapelusz,
_c2001.
300 _a300 p. :
_bcol., il., fot., map., gráf. ;
_c26 cm.
020 _a9501324036
100 1 _aSassone, Susana.
700 1 _aBertone de Daguerre, Celia V.
080 _a911.3:30(100:82)
084 _aB39-D25
650 7 _aLa Argentina en el Mundo
_xEspacios y sociedades del mundo
653 _aMundo en desarrollo
653 _aProgreso
653 _aOrganización política
653 _aGlobalización
653 _aCambio ambiental
653 _aDesafíos geográficos
653 _aEspacios urbanos y rurales
653 _aReestructuración económica
653 _aLas grandes potencias
040 _aAR-ClEAG
_cAR-ClEAG
005 20241107184624.0
003 AR-ClEAG
942 _cBK
999 _c84
_d84
980 _62
_aEvangelina Gallicchio
_82
_gEvangelina Gallicchio